Organometallic chemistry and catalysis / (Record no. 11466)

MARC details
000 -LEADER
fixed length control field 01505cam a2200373 i 4500
001 - CONTROL NUMBER
control field 14771530
003 - CONTROL NUMBER IDENTIFIER
control field EG-ScBUE
005 - DATE AND TIME OF LATEST TRANSACTION
control field 20260511135916.0
008 - FIXED-LENGTH DATA ELEMENTS--GENERAL INFORMATION
fixed length control field 070316s2007 gw a f b 001 0 eng d
020 ## - INTERNATIONAL STANDARD BOOK NUMBER
International Standard Book Number 9783540461289 (hbk.)
020 ## - INTERNATIONAL STANDARD BOOK NUMBER
International Standard Book Number 3540461280 (hbk.)
035 ## - SYSTEM CONTROL NUMBER
System control number (OCoLC)ocm77541307
040 ## - CATALOGING SOURCE
Original cataloging agency UKM
Language of cataloging eng
Description conventions rda
Transcribing agency UKM
Modifying agency BTCTA
-- BAKER
-- YDXCP
-- OCLCQ
-- OHX
-- AGL
-- NLGGC
-- DLC
-- EG-ScBUE
041 1# - LANGUAGE CODE
Language code of text/sound track or separate title eng
Language code of original and/or intermediate translations of text fre
082 04 - DEWEY DECIMAL CLASSIFICATION NUMBER
Classification number 547.05
Edition number 22
Item number AST
100 1# - MAIN ENTRY--PERSONAL NAME
Personal name Astruc, D.
Fuller form of name (Didier)
Relator term author.
9 (RLIN) 4463
240 10 - UNIFORM TITLE
Uniform title <a href="Chimie organométallique.">Chimie organométallique.</a>
Language of a work English
245 10 - TITLE STATEMENT
Title Organometallic chemistry and catalysis /
Statement of responsibility, etc Didier Astruc.
264 #1 - PUBLICATION, DISTRIBUTION, ETC. (IMPRINT)
Place of publication, distribution, etc Berlin ;
-- New York :
Name of publisher, distributor, etc Springer,
Date of publication, distribution, etc [2007]
264 #4 - PUBLICATION, DISTRIBUTION, ETC. (IMPRINT)
Date of publication, distribution, etc c2007
300 ## - PHYSICAL DESCRIPTION
Extent xii, 608 pages :
Other physical details illustrations ;
Dimensions 26 cm
336 ## - CONTENT TYPE
Source rdacontent
Content type term text
Content type code txt
337 ## - MEDIA TYPE
Media type term unmediated
Source rdamedia
Media type code n
338 ## - CARRIER TYPE
Carrier type term volume
Carrier type code nc
Source rdacarrier
500 ## - GENERAL NOTE
General note "Originally published in French: Didier Astruc, Chimie organométallique, EDP Sciences, Grenoble, 2000"--T.p. verso.
504 ## - BIBLIOGRAPHY, ETC. NOTE
Bibliography, etc Includes bibliographical references and index.
650 #7 - SUBJECT ADDED ENTRY--TOPICAL TERM
Topical term or geographic name as entry element Organometallic chemistry.
Source of heading or term BUEsh
9 (RLIN) 4464
650 #7 - SUBJECT ADDED ENTRY--TOPICAL TERM
Topical term or geographic name as entry element Organometallic chemistry
Form subdivision Problems, exercises, etc.
Source of heading or term BUEsh
9 (RLIN) 4465
650 #7 - SUBJECT ADDED ENTRY--TOPICAL TERM
Topical term or geographic name as entry element Metal complexes.
Source of heading or term BUEsh
9 (RLIN) 4466
655 ## - INDEX TERM--GENRE/FORM
Form subdivision Reading book
856 42 - ELECTRONIC LOCATION AND ACCESS
Materials specified Publisher description
Uniform Resource Identifier <a href="http://www.loc.gov/catdir/enhancements/fy0826/2007924912-d.html">http://www.loc.gov/catdir/enhancements/fy0826/2007924912-d.html</a>
856 41 - ELECTRONIC LOCATION AND ACCESS
Materials specified Table of contents only
Uniform Resource Identifier <a href="http://www.loc.gov/catdir/enhancements/fy0826/2007924912-t.html">http://www.loc.gov/catdir/enhancements/fy0826/2007924912-t.html</a>
942 ## - ADDED ENTRY ELEMENTS (KOHA)
Source of classification or shelving scheme Dewey Decimal Classification
Koha item type Book - Borrowing
Holdings
Withdrawn status Lost status Source of classification or shelving scheme Damaged status Not for loan Collection code Home library Current library Shelving location Date acquired Source of acquisition Cost, normal purchase price Serial Enumeration / chronology Total Checkouts Total Renewals Full call number Barcode Date last seen Date checked out Price effective from Koha item type
    Dewey Decimal Classification     Alahram Central Library Central Library First floor 29/04/2009   560.00 380 4 3 547.05 AST 000016282 15/07/2025 23/06/2024 29/04/2009 Book - Borrowing